| 000 | 00566nam a2200205Ia 4500 | ||
|---|---|---|---|
| 003 | OSt | ||
| 005 | 20251003143649.0 | ||
| 008 | 210210b2010 xxu||||| |||| 00| 0 eng d | ||
| 040 | _cAL | ||
| 041 | _aSanskrit | ||
| 082 | _aS891.8K BHAS | ||
| 100 |
_aBhat G N Ed _9241341 |
||
| 245 |
_aSanatana vivaha parampare _b: ondu vimarshe |
||
| 260 |
_aMangaluru _bCenter for Inter-disciplinary Studies and Research in Sanskrit _c2010 |
||
| 300 | _avi,68p | ||
| 650 |
_avivAha _9241342 |
||
| 690 |
_aSanskrit Miscellaneous _9241343 |
||
| 906 | _a065503 | ||
| 942 |
_2ddc _cBK |
||
| 999 |
_c143012 _d143012 |
||